The Oxford book of carols /

Saved in:
Bibliographic Details
Other Authors: Dearmer, Percy, 1867-1936, Vaughan Williams, Ralph, 1872-1958, Shaw, Martin, 1875-1958
Format: Book
Language:English
Published: London : Oxford University Press, 1928.
Edition:Music ed. complete.
Subjects:
LEADER 00990nam a2200265 a 4500
001 c000009813
003 CARM
005 00000000000000.0
008 870225s1928 enkg 00100 eng d
019 1 |a 12855586  |z 5041334  |5 LACONCORD2021 
035 |a (OCoLC)219977122  |5 LACONCORD2021 
040 |a NNCU  |c NNCU 
245 0 4 |a The Oxford book of carols /  |c by Percy Dearmer, R. Vaughan Williams, Martin Shaw. 
250 |a Music ed. complete. 
260 |a London :  |b Oxford University Press,  |c 1928. 
300 |a xxix, 491 p. :  |b music ;  |c 19 cm. 
500 |a Includes index. 
650 0 |a Carols. 
700 1 |a Dearmer, Percy,  |d 1867-1936. 
700 2 0 |a Vaughan Williams, Ralph,  |d 1872-1958. 
700 1 |a Shaw, Martin,  |d 1875-1958. 
852 8 |b CARM  |h A2:AD32C0  |i B02238  |p 0012131  |f BK 
082 0 4 |a 783.65  |2 19 
999 f f |i 8c8ea9f2-c287-55ea-90e9-1925a31405a5  |s 50c1cdc7-c5f3-5a27-9573-d61a9d24f2b4 
952 f f |p Can circulate  |a CAVAL  |b CAVAL  |c CAVAL  |d CARM 1 Store  |e B02238  |f A2:AD32C0  |h Other scheme  |i book  |m 0012131